| 000 | 01292nam0a2200313 4500 | ||
|---|---|---|---|
| 001 | RU\NLR\bibl\1300132 | ||
| 005 | 20250615150842.0 | ||
| 021 |
_aRU _b2008-80145 _94656 |
||
| 035 | _a(NLR Aleph) 001285727 | ||
| 090 |
_a527436 _c527436 |
||
| 100 | _a20081129d2007 |||y0rusy50 ca | ||
| 101 | 0 | _arus | |
| 102 | _aRU | ||
| 105 | _aa ||||||||| | ||
| 200 | 1 |
_aУправление развитием компьютерной грамотности у студентов физкультурных вузов _eмонография _fН.В. Ткачева _gБелгор. гос. ун-т |
|
| 210 |
_aБелгород _cИзд-во БелГУ _d2007 |
||
| 215 |
_a143 с. _cил. _d21 |
||
| 320 | _aБиблиогр.: с. 126-138 (172 назв.) | ||
| 606 | 1 |
_aВысшие учебные заведения физической культуры, спорта и туризма _xПреподавание _xИнформационные технологии _92538658 _3RU\NLR\auth\661503140 |
|
| 686 | _aЧ489.531.231.1 | ||
| 700 | 1 |
_aТкачева _bН. В. _gНаталья Васильевна _4070 |
|
| 801 | 0 |
_aRU _bNLR _c20081129 _gRCR |
|
| 801 | 1 |
_aRU _bNLR _c20081129 |
|
| 830 | _aавт. по кн. | ||
| 942 | _cBOOK | ||
| 980 | _aNB | ||
| 980 | _aNBR | ||